Čo má spoločné bývanie "vo vlastnom" s infláciou?

Skúmanie vývoja inflácie v roku 2021 vzhľadom na vlastníctvo nehnuteľnosti na Slovensku.

Saved in:
Bibliographic Details
Main Author: Hudcovský, Martin, 1988-
Other Authors: Morvay, Karol, 1973-
Format: Book Chapter
Language:Slovak
Subjects:
Tags: Add Tag
No Tags, Be the first to tag this record!

MARC

LEADER 00000naa a2200000 4500
001 0280608
005 20240502074345.0
041 0 |a slo 
044 |a SK 
245 1 0 |a Čo má spoločné bývanie "vo vlastnom" s infláciou?  |c Martin Hudcovský, Karol Morvay 
520 |a Skúmanie vývoja inflácie v roku 2021 vzhľadom na vlastníctvo nehnuteľnosti na Slovensku. 
610 2 0 |a inflácia 
610 2 0 |a Slovensko 
610 2 0 |a pandémia 
610 2 0 |a vlastníctvo 
610 2 0 |a nehnuteľnosti 
100 1 |a Hudcovský, Martin, 1988- 
700 1 |a Morvay, Karol, 1973-